| 000 | 01251 a2200301 4500 | ||
|---|---|---|---|
| 999 |
_c200129484 _d31545 |
||
| 001 | 200129484 | ||
| 003 | TR-AnTOB | ||
| 005 | 20240209094443.0 | ||
| 008 | 130524e2012 tu 001 0 | ||
| 020 | _a9786053992394 | ||
| 040 |
_aTR-AnTOB _cTR-AnTOB _beng _erda |
||
| 041 | _atur | ||
| 050 | 0 | 0 |
_aKKX2064 _b.Ö9383 2012 |
| 090 |
_aKKX2064 _b.Ö9383 2012 |
||
| 100 | 1 |
_aÖzbudun, Ergun, _d1937-2023 _96434 |
|
| 245 | 0 | 0 |
_a1924 anayasası / _cErgun Özbudun. |
| 264 | 1 |
_aİstanbul : _bİstanbul Bilgi Üniversitesi yayınları, _c2012. |
|
| 300 |
_a88 p. _c24 cm. |
||
| 336 |
_2rdacontent _atext _btxt |
||
| 337 |
_2rdamedia _aunmediated _bn |
||
| 338 |
_2rdacarrier _avolume _bnc |
||
| 490 | 0 |
_aİstanbul Bilgi Üniversitesi yayınları ; _v381. _aSiyaset bilimi ; _v42. |
|
| 505 | _a1. Bölüm: Anayasanın yapım süreci -- 2. Bölüm: Genel hükümler ve hükümet sisteminin niteliği -- 3. Bölüm: Yasama organı -- 4. Bölüm: Yürütme organı -- 5. Bölüm: Yargı organı -- 6. Bölüm: Temel hak ve hürriyetler -- 7. Bölüm: Yerel yönetimler -- 8. Bölüm: Anayasanın katılığı ve üstünlüğü. | ||
| 610 | 1 | 0 |
_aTürkiye. _tAnayasa (1924) _9137417 |
| 650 | 0 | 0 |
_aAnayasa hukuku _zTürkiye _9116005 |
| 942 |
_cBK _2lcc |
||